| 000 | 00850nam a22002535a 4500 | ||
|---|---|---|---|
| 005 | 20201128024256.0 | ||
| 008 | 180312t1980 nz a frb 001 0 eng d | ||
| 020 | _a9780070666153 | ||
| 020 | _a0070666156 | ||
| 040 |
_aEG-ScBUE _beng _cEG-ScBUE _dEG-ScBUE |
||
| 082 | 0 | 4 |
_222 _a660.28422 _bTRE |
| 100 | 1 |
_aTreybal, Robert Ewald, _d1915- _99368 |
|
| 245 | 1 | 0 |
_a Mass-transfer operations / _cRobert Ewald Treybal. |
| 250 | _a3rd ed., McGraw-Hill international ed. | ||
| 260 |
_aAuckland : _bMcGraw-Hill Book Company, _cc.1980. |
||
| 300 |
_axiv, 784 p. : _bill. ; _c24 cm. |
||
| 490 | 0 | _aMcGraw-Hill chemical engineering series | |
| 504 | _aIncludes bibliographical references and index. | ||
| 650 | 7 |
_2BUEsh _94774 _aMass transfer. |
|
| 650 | 7 |
_2BUEsh _91062 _aChemical engineering. |
|
| 651 | _2BUEsh | ||
| 653 |
_bGGEN _cMarch2018 |
||
| 942 | _2ddc | ||
| 999 |
_c26283 _d26255 |
||